00630nam a2200181Ia 4500001000900000003000500009005001700014008004100031010001100072040000900083082001400092110007700106245010400183260008600287300001000373410005500383650001000438dia_2260CHAP20230620143417.0220117s1978 xx 000 0 und d a172779 cCHAP a641.36 M4 aMéxico. Dirección General de Educación Tecnológica Agropecuaria. aTaller de Carne /c por la Dirección General de Educación Tecnológica Agropecuaria. México. aMéxico :b Dirección General de Educación Tecnológica Agropecuaria,c1978 a81 p. aSERIE DE MANUALES PARA LA EDUCACIÓN AGROPECUARIA 0aCarne